000 00576nam a22001937a 4500
005 20251108164852.0
008 250721s1951 xx 000 0 ara d
082 1 4 _a816.5/شهي
100 1 _aالأندلسي، إبن شهد
245 1 0 _aرسالة التوابع و الزوابع /
264 1 _aبيروت :
_bمكتبة صادر،
_c1951.
300 _a215ص
650 1 7 _aالأدب العربي
650 1 7 _aالرسائل
650 1 7 _aالعصر الأندلسي
700 1 _aالبستاني، بطرس
_eتحقيق
942 _2ddc
_cBK
999 _c16261
_d16261